00824nam a2200205 a 4500008004100000020001500041050002400056100003300080245004600113260004100159300001800200350000900218490005200227650003600279650004000315710001500355995010000370999001700470952013100487071019s1997 ||||||||||||||||| || u a082133946X aIBRD(06)LACS/1997/2 aWebb, Steven Benjamin, 1947-10aProspects and challenges of the Caribbean aWashington, D. C.:bWorld Bankc1997 av, 32p.: ill. a0.00 aWorld Bank Latin American and Caribbean studies aCARIBBEAN AREA--ECONOMIC POLICY aCARIBBEAN AREA--ECONOMIC CONDITIONS aWorld Bank D0.00FCBU-MAIN LIBRARY (Kitwe)H1I0.00M1UAVAILABLEWOct 19, 2007ZInternational Publications c55160d55160 00102lcc4070a001b001cInternational Publicationsd2022-11-30l0oIBRD(06)LACS/1997/2p021674r2022-11-30w2022-11-30y002